| 000 | 01141nam a22002297a 4500 | ||
|---|---|---|---|
| 003 | OSt | ||
| 005 | 20160620110122.0 | ||
| 008 | 150408b2011 slv spa | ||
| 040 | _cBMC | ||
| 082 | _a657 | ||
| 100 | 1 |
_934778 _aMartínez Magaña, José Fernando |
|
| 245 | 1 | 0 |
_aElaboración del texto base para la enseñanza-aprendizaje de las asignaturas de: Contabilidad I, Contabilidad II y Contabilidad III _b: Proyecto _cJosé Fernando Martínez Magaña, jaime Ernesto Navarro Cardona, Xenia Lizbeth Pérez Rivera |
| 260 |
_aSanta Ana (El Salvador) _bUniversidad Católica de El Salvador _c2011 |
||
| 300 |
_a1 folleto (pág. var.) _bil. col. _c28 cm _e+ 1 disco compacto |
||
| 500 | _aPrecede al tít.: Universidad Católica de El Salvador, Facultad de Ciencias Empresariales | ||
| 502 | _aTrabajo de graduación para optar al grado académico de Licenciatura en Contaduría Pública | ||
| 650 | 2 | 4 |
_9877 _aContabilidad |
| 700 | 1 |
_934779 _aNavarro Cardona, Jaime Ernesto |
|
| 700 | 1 |
_934780 _aPérez Rivera, Xenia Lizbeth |
|
| 710 | 2 |
_91067 _aUniversidad Católica de El Salvador _bFacultad de Ciencias Empresariales |
|
| 942 |
_2ddc _cTG |
||
| 999 |
_c21234 _d21234 |
||